书目信息 |
| 题名: |
托洛茨基言论
|
|
| 作者: | ;中共中央马克思恩格斯列宁斯大林著作编译局国际共运史研究室 编 | |
| 分册: | 下 | |
| 出版信息: | 北京 三联书店 1979 |
|
| 页数: | 491-1062页 | |
| 开本: | 20cm | |
| 丛书名: | ||
| 单 册: | ||
| 中图分类: | D163 , D169 | |
| 科图分类: | ||
| 主题词: | 托洛茨基主义--1903~1928 , 国际共产主义运动 | |
| 电子资源: | ||
| ISBN: | ||
| 000 | 00890nam0 2200265 45 | |
| 001 | 0179005509 | |
| 005 | 20070729144308.71 | |
| 010 | @dCNY3.80 | |
| 091 | @a3002.201 | |
| 100 | @a19950713d1979 emky0chiy0121 ea | |
| 101 | 0 | @achi |
| 102 | @aCN@b110000 | |
| 105 | @ay z 000yy | |
| 200 | 10 | @a托洛茨基言论@Atuo luo ci ji yan lun@h下@f中共中央马克思恩格斯列宁斯大林著作编译局国际共运史研究室编 |
| 210 | @a北京@c三联书店@d1979 | |
| 215 | @a491-1062页@d20cm | |
| 300 | @a机会主义、修正主义资料选编 | |
| 300 | @a内部发行 | |
| 606 | @a托洛茨基主义@z1903~1928 | |
| 606 | 0 | @a国际共产主义运动 |
| 690 | @aD163 | |
| 690 | @aD169@v3 | |
| 711 | 02 | @a中共中央马克思恩格斯列宁斯大林著作编译局国际共运史研究室@Azhong gong zhong yang ma ke si en ge si lie ning si da lin zhu zuo bian yi ju guo ji gong yun shi yan jiu shi@4编 |
| 801 | 0 | @aCN@bNLC@c20070729 |
| 905 | @f1@b212412@dD163@e8:2 | |
| 托洛茨基言论.下/中共中央马克思恩格斯列宁斯大林著作编译局国际共运史研究室编.-北京:三联书店,1979 |
| 491-1062页;20cm |
| 机会主义、修正主义资料选编.-内部发行 |
| ISBN :CNY3.80 |
| ● |
| 相关链接 |
|
|
|
|
正题名:托洛茨基言论
索取号:D163/8:2
 
预约/预借
| 序号 | 登录号 | 条形码 | 馆藏地/架位号 | 状态 | 备注 |
| 1 | 0212412 | 001011238 | 第一借阅区/ [索取号:D163/8:2] | 在馆 | |
| 2 | 0212413 | 001011229 | 第一样本阅览室/ [索取号:D163/8:2] | 在馆 | |
| 3 | 0787008 | 207870080 | 密集书库/ [索取号:D163/8:2] | 在馆 |